Language, truth and logic (Record no. 54880)
[ view plain ]
| 000 -LEADER | |
|---|---|
| fixed length control field | 00402nam a2200181Ia 4500 |
| 003 - CONTROL NUMBER IDENTIFIER | |
| control field | 0100 |
| 008 - FIXED-LENGTH DATA ELEMENTS--GENERAL INFORMATION | |
| fixed length control field | 130303s9999 xx 000 0 und d |
| 040 ## - CATALOGING SOURCE | |
| Transcribing agency | ARRUPELIB |
| 050 ## - LIBRARY OF CONGRESS CALL NUMBER | |
| Classification number | B53.A9 1952 |
| 300 ## - PHYSICAL DESCRIPTION | |
| Other physical details | 18 cm |
| 100 ## - MAIN ENTRY--PERSONAL NAME | |
| Personal name | Ayer, Alfred Jules |
| 245 ## - TITLE STATEMENT | |
| Title | Language, truth and logic |
| 260 ## - PUBLICATION, DISTRIBUTION, ETC. (IMPRINT) | |
| Place of publication, distribution, etc | New York |
| 260 ## - PUBLICATION, DISTRIBUTION, ETC. (IMPRINT) | |
| Name of publisher, distributor, etc | Dover Publications |
| 260 ## - PUBLICATION, DISTRIBUTION, ETC. (IMPRINT) | |
| -- | 1952 |
| 300 ## - PHYSICAL DESCRIPTION | |
| Extent | 160p. |
| 942 00 - ADDED ENTRY ELEMENTS (KOHA) | |
| Koha issues (borrowed), all copies | 5 |
| Withdrawn status | Lost status | Source of classification or shelving scheme | Damaged status | Not for loan | Collection code | Home library | Current library | Shelving location | Date acquired | Total Checkouts | Full call number | Barcode | Checked out | Date last seen | Date checked out | Copy number | Price effective from | Koha item type |
|---|---|---|---|---|---|---|---|---|---|---|---|---|---|---|---|---|---|---|
| Library of Congress Classification | Main Collection | ARRUPE LIBRARY | ARRUPE LIBRARY | Main Collection | 04/03/2013 | 3 | B53.A9 1952 | 46003005247 | 28/05/2015 | 28/04/2015 | 28/04/2015 | 1 | 04/03/2013 | Monograph ( Printed materials) | ||||
| Library of Congress Classification | Main Collection | ARRUPE LIBRARY | ARRUPE LIBRARY | Main Collection | 04/03/2013 | B53.A9 1952 | 46003005255 | 04/03/2013 | 2 | 04/03/2013 | Monograph ( Printed materials) | |||||||
| Library of Congress Classification | Main Collection | ARRUPE LIBRARY | ARRUPE LIBRARY | Main Collection | 04/03/2013 | 1 | B53.A9 1952 | 46003005246 | 18/03/2016 | 20/02/2016 | 3 | 04/03/2013 | Monograph ( Printed materials) | |||||
| Library of Congress Classification | Main Collection | ARRUPE LIBRARY | ARRUPE LIBRARY | Main Collection | 04/03/2013 | B53.A9 1952 | 46003005025 | 04/03/2013 | 7 | 04/03/2013 | Monograph ( Printed materials) | |||||||
| Library of Congress Classification | Main Collection | ARRUPE LIBRARY | ARRUPE LIBRARY | Main Collection | 04/03/2013 | 2 | B53.A9 1952 | 46003005031 | 13/08/2015 | 23/02/2015 | 9 | 04/03/2013 | Monograph ( Printed materials) | |||||
| Library of Congress Classification | Main Collection | ARRUPE LIBRARY | ARRUPE LIBRARY | Main Collection | 04/03/2013 | B53.A9 1952 | 46003005034 | 04/03/2013 | 10 | 04/03/2013 | Monograph ( Printed materials) | |||||||
| Library of Congress Classification | Main Collection | ARRUPE LIBRARY | ARRUPE LIBRARY | Main Collection | 09/10/2020 | B53.A9 1952 | 46600008383 | 22/01/2024 | 09/10/2020 | Monograph ( Printed materials) | ||||||||
| Library of Congress Classification | ARRUPE LIBRARY | ARRUPE LIBRARY | 15/11/2021 | 1 | B53.A9 1952 | 46003005035 | 31/05/2022 | 15/11/2021 | 15/11/2021 | Monograph ( Printed materials) |